000 00592nam a2200217 a 4500
999 _c3450
_d3450
005 20200522112350.0
008 140311b1997 xxu||||| |||| 00| 0 eng d
040 _aCO-BoIAVH
_cCO-BoIAVH
041 _aeng
044 _axxu
082 _a005.133
090 _aLB
_b03249
110 _aEstados Unidos
_bInprise corporation
_9103113
245 _aBorland Jdatastore 4: developer's guide
260 _aEstados Unidos
_bInprise Corporation
_c1997
300 _a70 p.
650 0 _aLenguajes de programación
_913753
650 0 _aborland
_9103114
942 _cLIBRO
_2z
945 _d2003-10-09